Didaktika odborných predmetov

Bibliographic Details
Main Author: Kostelník, Jan (Author)
Format: Book
Language:Slovak
PhysicalDescription:18 s. 30 cm
Published: Bratislava Metodické centrum mesta Bratislavy 1995
ISBN:8071641049
Series:Špecializačné a kvalifikačné štúdium pre majstrov odbornej výchovy
Subjects:

MARC

LEADER 00000nam a2200000 a 4500
001 vtls001096712
003 SK-MaSNL
005 20260302051628.0
008 251113s1995 xo a r y slo
015 |a SNBA1996/0200357 
020 |a 8071641049  |c (100 výt.) 
035 |a SNK000039554 
035 |a urn:nbn:sk:snk-amloau 
035 |a urn:nbn:sk:snk-am00bxbf 
035 |a 24094758-CA22-44D2-BF30-C0FFD1176CAC 
040 |a SNK  |b slo  |c SNK  |e AACR2 
041 0 |a slo 
044 |a xo  |c SK 
080 |a 371.38:37.026(075.9)  |2 1981 
080 |a 37.026(075.9)  |2 1981 
100 1 |a Kostelník, Jan  |4 aut  |9 16634 
245 1 0 |a Didaktika odborných predmetov  |c Jan Kostelník 
260 |a Bratislava  |b Metodické centrum mesta Bratislavy  |c 1995 
300 |a 18 s.  |c 30 cm 
490 1 |a Špecializačné a kvalifikačné štúdium pre majstrov odbornej výchovy 
504 |a Bibliogr. s. 18 
650 0 7 |a didaktika  |2 SNKPH  |9 3484 
650 0 7 |a odborné predmety  |2 SNKPH  |9 67170 
655 7 |a príručky  |2 SNKPH  |9 74364 
830 0 |a Špecializačné a kvalifikačné štúdium pre majstrov odbornej výchovy  |9 341108 
919 |a 80-7164-104-9 
958 0 7 |a RM 
958 0 7 |a NB 
958 0 7 |a BQ 
958 0 7 |a UO 
958 |a OND 
999 |c 1101949  |d 1103879 
952 |t P60, <09>, [BOOK], {629}  |a SNK  |b SNK  |y NEVYP  |7 0  |o snkB 1274  |i snk4193/951207  |0 0  |1 0  |4 0  |d 1995-12-05  |l 0  |r 2004-12-31 00:00:00  |w 2026-02-24 
952 |t P60, <03>, [BOOK], {603}  |a SNK  |b SNK  |y PREZ  |7 0  |p 17A0970447  |o snkSB 54812  |i snkKSP 10126/95  |0 0  |1 0  |4 0  |d 1995-12-05  |f 1  |l 0  |r 2025-03-26 00:00:00  |w 2026-02-24 
952 |t P60, <04>, [BOOK], {604}  |a SNK  |b SNK  |y VYP  |7 0  |p 17A0007576  |o snkSB 54812 D1  |i snkKSP 10127/95  |0 0  |1 0  |4 0  |d 1995-12-05  |l 0  |r 2004-12-31 00:00:00  |w 2026-02-24